000 00453nam a22001577a 4500
005 20251108173321.0
008 250721s2007 xx 000 0 ara d
082 1 4 _a616.5/بقي
100 1 _aبقيون، سمير
245 1 0 _aالأمراض الجلدية /
264 1 _aعمان :
_bدار اليازوري للنشر و التوزيع،
_c2007.
300 _a240 ص
650 1 7 _aأمراض الجلد
942 _2ddc
_cBK
999 _c101097
_d101097